IFM Opac

Auditing $EDP (Record no. 17867)

MARC details
000 -LEADER
fixed length control field 00332nam a22001337a 4500
082 ## - DEWEY DECIMAL CLASSIFICATION NUMBER
Classification number 657.45 DAV
100 ## - MAIN ENTRY--PERSONAL NAME
Personal name Gordon, B.
245 ## - TITLE STATEMENT
Title Auditing $EDP
260 ## - PUBLICATION, DISTRIBUTION, ETC.
Place of publication, distribution, etc. New York
Name of publisher, distributor, etc. America institute of certified public Accountanta Inc
Date of publication, distribution, etc. 1968
300 ## - PHYSICAL DESCRIPTION
Extent 344p.
Other physical details ill;23 cm
500 ## - GENERAL NOTE
General note include index
650 ## - SUBJECT ADDED ENTRY--TOPICAL TERM
Topical term or geographic name entry element Auditing
942 ## - ADDED ENTRY ELEMENTS (KOHA)
Koha item type Books
Holdings
Withdrawn status Lost status Source of classification or shelving scheme Damaged status Not for loan Home library Current library Shelving location Date acquired Full call number Barcode Date last seen Price effective from Koha item type
    Dewey Decimal Classification     IFM Main Campus Library IFM Main Campus Library   08/07/2017 657.45 DAV 0000004327 08/07/2017 08/07/2017 Books